| 000 | 01026cam a2200289 a 4500 | ||
|---|---|---|---|
| 001 | 13655403 | ||
| 003 | CEME | ||
| 005 | 20210628201543.0 | ||
| 008 | 040715s2004 nyua b 001 0 eng | ||
| 010 | _a 2004556133 | ||
| 020 | _a0824746201 | ||
| 040 |
_aDLC _cDLC _dDLC |
||
| 050 | 0 | 0 |
_aTA418.4 _b.B38 2004 |
| 082 | 0 | 0 |
_a620.1/1292 _222 |
| 100 | 1 |
_aBayer, R. G. _q(Raymond George), _d1935- _955810 |
|
| 245 | 1 | 0 |
_aMechanical wear fundamentals and testing / _cRaymond G. Bayer. |
| 250 | _a2nd ed., rev. and expanded | ||
| 260 |
_aNew York : _bM. Dekker, _cc2004. |
||
| 300 |
_aix, 399 p. : _bill. ; _c27 cm. |
||
| 490 | 1 |
_aMechanical engineering ; _v172 |
|
| 500 | _aBased on the first two parts of the original edition. | ||
| 504 | _aIncludes bibliographical references and index. | ||
| 650 | 0 |
_aMechanical wear. _955811 |
|
| 830 | 0 |
_aMechanical engineering (Marcel Dekker, Inc.) ; _v172. _936219 |
|
| 856 | 4 | 2 |
_3Publisher description _uhttp://www.loc.gov/catdir/enhancements/fy0647/2004556133-d.html |
| 942 |
_2ddc _cBK |
||
| 999 |
_c566480 _d566480 |
||